LIBRARY & INFORMATION CENTRE, KCAET, TAVANUR

ONLINE PUBLIC ACCESS CATALOGUE (OPAC)

Changala (Record no. 18005)

MARC details
000 -LEADER
fixed length control field 00364nam a2200145Ia 4500
003 - CONTROL NUMBER IDENTIFIER
control field OSt
008 - FIXED-LENGTH DATA ELEMENTS--GENERAL INFORMATION
fixed length control field 200919s9999||||xx |||||||||||||| ||und||
041 ## - LANGUAGE CODE
Language code of text/sound track or separate title mal
082 ## - DEWEY DECIMAL CLASSIFICATION NUMBER
Classification number 894.812 3
Item number KHA-C
100 ## - MAIN ENTRY--AUTHOR NAME
Personal name Khader U K
245 #0 - TITLE STATEMENT
Title Changala
260 ## - PUBLICATION, DISTRIBUTION, ETC. (IMPRINT)
Place of publication Kozhikode
Name of publisher Mathrubhumi Printing & Publishing Co-operative Limited
Year of publication 1985
300 ## - PHYSICAL DESCRIPTION
Number of Pages 264p
942 ## - ADDED ENTRY ELEMENTS (KOHA)
Koha item type Books
Holdings
Withdrawn status Lost status Damaged status Home library Current library Date acquired Cost, normal purchase price Full call number Accession Number Koha item type
Withdrawn     KAUAET KAUAET 16/11/2023 1.50 894.812 3 KHA-C 10646 Books
free website counter